[Event "RA-2014-0-00361"]
[Site "LSS email"]
[Date "2014.11.10"]
[Round "?"]
[White "Jovanovic, Bratislav"]
[Black "Sorcinelli, Andrea"]
[Result "1/2-1/2"]
[WhiteElo "2123"]
[BlackElo "2127"]
[PlyCount "47"]
[EventDate "2014.10.24"]
[EventType "tourn (corr)"]
[EventRounds "6"]
[EventCountry "GER"]
[SourceTitle "Corr 2015"]
[Source "ChessBase"]
[SourceDate "2015.07.17"]
[SourceVersion "1"]
[SourceVersionDate "2015.07.17"]
[SourceQuality "1"]

1. e4 c5 2. Nf3 d6 3. d4 cxd4 4. Nxd4 Nf6 5. Nc3 a6 6. Be3 e5 7. Nb3 Be7 8. f3 Be6 9. Qd2 0-0 10. 0-0-0 Nbd7 11. g4 b5 12. g5 b4 13. Ne2 Ne8 14. f4 a5 15. f5 a4 16. Nbd4 exd4 17. Nxd4 b3 18. Kb1 bxc2+ 19. Nxc2 Bb3 20. axb3 axb3 21. Na3 Ne5 22. h4 Ra4 23. Bd4 Qa8 24. Qg2 1/2-1/2

[Event "ZH-2014-0-01294"]
[Site "LSS email"]
[Date "2014.11.02"]
[Round "?"]
[White "Kahl, Fred"]
[Black "Jovanovic, Bratislav"]
[Result "1-0"]
[WhiteElo "2168"]
[BlackElo "2079"]
[PlyCount "95"]
[EventDate "2014.10.10"]
[EventType "match (corr)"]
[EventRounds "2"]
[EventCountry "GER"]
[SourceTitle "Corr 2015"]
[Source "ChessBase"]
[SourceDate "2015.07.17"]
[SourceVersion "1"]
[SourceVersionDate "2015.07.17"]
[SourceQuality "1"]

1. c4 e5 2. g3 Nf6 3. Bg2 d5 4. cxd5 Nxd5 5. Nc3 Be6 6. Nf3 Nc6 7. 0-0 Be7 8. d4 Nxc3 9. bxc3 e4 10. Nd2 f5 11. e3 0-0 12. c4 Nb4 13. Bb2 c6 14. Bc3 Rb8 15. f3 exf3 16. Bxf3 Qd7 17. a3 Na6 18. Bg2 Bg5 19. Qe2 Rfe8 20. Rad1 Bf6 21. g4 Rbd8 22. Kh1 Nc7 23. Nb3 b6 24. gxf5 Bxf5 25. e4 Bg4 26. Bf3 Bxf3+ 27. Rxf3 Ne6 28. Rxf6 gxf6 29. d5 Ng5 30. Nd2 Rf8 31. Rf1 cxd5 32. cxd5 h6 33. Bxf6 Rc8 34. Qh5 Qh7 35. e5 Rc3 36. Re1 Rfc8 37. Bxg5 hxg5 38. Qxh7+ Kxh7 39. Ne4 Rxa3 40. e6 Rd3 41. e7 b5 42. Rf1 Kg7 43. Nd6 Rb8 44. e8Q Rxe8 45. Nxe8+ Kg6 46. Rf6+ Kh5 47. Ra6 Kg4 48. Rxa7 1-0

[Event "CP-2014-P-00034"]
[Site "LSS email"]
[Date "2014.09.30"]
[Round "?"]
[White "Jovanovic, Bratislav"]
[Black "Bergmann, Michael"]
[Result "0-1"]
[WhiteElo "2123"]
[BlackElo "2390"]
[PlyCount "78"]
[EventDate "2014.10.01"]
[EventType "tourn (corr)"]
[EventRounds "6"]
[EventCountry "GER"]
[SourceTitle "Corr 2015"]
[Source "ChessBase"]
[SourceDate "2015.07.17"]
[SourceVersion "1"]
[SourceVersionDate "2015.07.17"]
[SourceQuality "1"]

1. e4 c5 2. Nf3 d6 3. d4 cxd4 4. Nxd4 Nf6 5. Nc3 a6 6. Be3 e5 7. Nb3 Be6 8. f3 Be7 9. Qd2 h5 10. Nd5 Nxd5 11. exd5 Bf5 12. Be2 Bh4+ 13. g3 Be7 14. 0-0-0 Nd7 15. Kb1 Rc8 16. Bd3 Bh3 17. c4 Nf6 18. Rc1 Qd7 19. Bg5 0-0 20. Rhe1 Rfe8 21. Ka1 Bf5 22. Bxf6 Bxf6 23. Be4 Be7 24. Qd3 Bxe4 25. fxe4 Bg5 26. Rc2 b6 27. Qe2 Qg4 28. Qf2 Rb8 29. Nc1 Rf8 30. Nd3 f5 31. Qg2 f4 32. Nf2 f3 33. Qg1 Qd7 34. h4 Bd8 35. Nd3 Bc7 36. Qf2 b5 37. Qa7 b4 38. Rcc1 b3 39. a3 Qc8 0-1

[Event "ZH-2014-0-01277"]
[Site "LSS email"]
[Date "2014.08.29"]
[Round "?"]
[White "Jovanovic, Bratislav"]
[Black "Alexandre Bisquert, Francisco"]
[Result "1/2-1/2"]
[WhiteElo "2079"]
[BlackElo "2016"]
[PlyCount "69"]
[EventDate "2014.08.15"]
[EventType "match (corr)"]
[EventRounds "2"]
[EventCountry "GER"]
[SourceTitle "Corr 2015"]
[Source "ChessBase"]
[SourceDate "2015.07.17"]
[SourceVersion "1"]
[SourceVersionDate "2015.07.17"]
[SourceQuality "1"]

1. e4 c5 2. Nf3 d6 3. d4 cxd4 4. Nxd4 Nf6 5. Nc3 a6 6. Be3 e6 7. Be2 Qc7 8. 0-0 Be7 9. f4 0-0 10. Qe1 b5 11. a3 Nbd7 12. Qg3 Bb7 13. Bf3 Nc5 14. e5 dxe5 15. fxe5 Nfe4 16. Nxe4 Nxe4 17. Bxe4 Bxe4 18. c3 Rac8 19. Rae1 Bg6 20. Ne2 Rcd8 21. Nd4 Rd5 22. Kh1 Qd7 23. Rc1 Rd8 24. Rce1 Re8 25. Kg1 h6 26. Kh1 Kh7 27. Nf3 a5 28. Bd4 Kg8 29. Ng1 Qd8 30. Rd1 Bc2 31. Rd2 Bf5 32. Rfd1 Qa8 33. Nh3 Rd7 34. Nf4 Kh7 35. b4 1/2-1/2

[Event "OP-2014-0-03464"]
[Site "LSS email"]
[Date "2014.08.11"]
[Round "?"]
[White "Jovanovic, Bratislav"]
[Black "Molina, Vicente Andres"]
[Result "1-0"]
[WhiteElo "2079"]
[BlackElo "815"]
[PlyCount "45"]
[EventDate "2014.08.06"]
[EventType "tourn (corr)"]
[EventRounds "4"]
[EventCountry "GER"]
[SourceTitle "Corr 2015"]
[Source "ChessBase"]
[SourceDate "2015.07.17"]
[SourceVersion "1"]
[SourceVersionDate "2015.07.17"]
[SourceQuality "1"]

1. e4 c5 2. Nf3 d6 3. d4 cxd4 4. Nxd4 Nf6 5. Nc3 a6 6. Be3 e5 7. Nb3 Be6 8. f3 Nbd7 9. Qd2 Rc8 10. g4 Be7 11. 0-0-0 0-0 12. Kb1 b5 13. g5 Nh5 14. Rg1 Nb6 15. Na5 Nc4 16. Bxc4 Bxc4 17. Nxc4 Rxc4 18. Nd5 Nf4 19. Bxf4 exf4 20. Qxf4 f6 21. g6 Qa8 22. Nxe7+ Kh8 23. Qh6 1-0

[Event "OP-2014-0-03465"]
[Site "LSS email"]
[Date "2014.08.11"]
[Round "?"]
[White "Kulakiewicz, Mariusz"]
[Black "Jovanovic, Bratislav"]
[Result "1/2-1/2"]
[WhiteElo "1912"]
[BlackElo "2079"]
[PlyCount "80"]
[EventDate "2014.08.06"]
[EventType "tourn (corr)"]
[EventRounds "4"]
[EventCountry "GER"]
[SourceTitle "Corr 2015"]
[Source "ChessBase"]
[SourceDate "2015.07.17"]
[SourceVersion "1"]
[SourceVersionDate "2015.07.17"]
[SourceQuality "1"]

1. d4 e6 2. Nf3 d5 3. c4 c6 4. Nc3 f5 5. Bf4 Nf6 6. e3 Be7 7. Bd3 0-0 8. h3 Na6 9. cxd5 Nxd5 10. Nxd5 exd5 11. 0-0 Nc7 12. Be5 Ne8 13. a4 a5 14. Bf4 Nd6 15. Qc2 Ne4 16. b3 Be6 17. Ne5 Bb4 18. f3 Nd6 19. Rfd1 Rc8 20. Qb2 Qe7 21. Rac1 Nf7 22. Qe2 Bd6 23. Qd2 Ra8 24. Bg3 Nxe5 25. Bxe5 Bxe5 26. dxe5 f4 27. exf4 Qh4 28. b4 Qxf4 29. bxa5 Qxd2 30. Rxd2 Rxa5 31. Rb1 Bc8 32. Bc2 Rf4 33. Kf2 Rh4 34. Kg3 Rc4 35. h4 Kf7 36. h5 h6 37. Bb3 Rb4 38. Rdb2 Ke7 39. Bc2 Rc4 40. Bd1 Kd8 1/2-1/2

[Event "RA-2014-0-00318"]
[Site "LSS email"]
[Date "2014.04.13"]
[Round "?"]
[White "Morcin, Tom"]
[Black "Jovanovic, Bratislav"]
[Result "1/2-1/2"]
[WhiteElo "2098"]
[BlackElo "2026"]
[PlyCount "50"]
[EventDate "2014.03.01"]
[EventType "tourn (corr)"]
[EventRounds "6"]
[EventCountry "GER"]
[SourceTitle "Telechess CBM 167"]
[Source "ChessBase"]
[SourceDate "2015.07.13"]
[SourceVersion "1"]
[SourceVersionDate "2015.07.13"]
[SourceQuality "1"]

1. Nf3 Nf6 2. c4 c5 3. Nc3 Nc6 4. d4 cxd4 5. Nxd4 e6 6. g3 Qb6 7. Ndb5 Ne5 8. Bg2 a6 9. Qa4 Rb8 10. Be3 Bc5 11. Bxc5 Qxc5 12. Qa3 b6 13. Nd6+ Ke7 14. Qxc5 bxc5 15. Nxc8+ Rhxc8 16. b3 d5 17. cxd5 c4 18. b4 Rxb4 19. h3 Ne8 20. Kd2 a5 21. dxe6 fxe6 22. f4 Nd7 23. g4 Nd6 24. Rab1 Nc5 25. Ke3 g6 1/2-1/2

[Event "RA-2014-0-00318"]
[Site "LSS email"]
[Date "2014.04.13"]
[Round "?"]
[White "Ortiz, Manuel"]
[Black "Jovanovic, Bratislav"]
[Result "1-0"]
[WhiteElo "2058"]
[BlackElo "2026"]
[PlyCount "59"]
[EventDate "2014.03.01"]
[EventType "tourn (corr)"]
[EventRounds "6"]
[EventCountry "GER"]
[SourceTitle "Telechess CBM 167"]
[Source "ChessBase"]
[SourceDate "2015.07.13"]
[SourceVersion "1"]
[SourceVersionDate "2015.07.13"]
[SourceQuality "1"]

1. e4 e6 2. d4 d5 3. e5 c5 4. c3 Nc6 5. Nf3 Qb6 6. Be2 cxd4 7. cxd4 Nge7 8. Na3 Nf5 9. Nc2 Bd7 10. 0-0 Rc8 11. Kh1 Be7 12. Bd3 a5 13. Rb1 h6 14. g4 Nh4 15. Nxh4 Bxh4 16. Be3 Be7 17. f4 Kd8 18. f5 Kc7 19. Bf4 Bf8 20. Bd2 Kb8 21. f6 g6 22. Be3 h5 23. g5 a4 24. Qe2 Na7 25. b3 a3 26. b4 Nb5 27. Rb3 h4 28. Nxa3 Nxa3 29. Rxa3 Qxb4 30. Rb3 1-0

[Event "ZH-2014-0-01208"]
[Site "LSS email"]
[Date "2014.04.06"]
[Round "?"]
[White "Kahl, Fred"]
[Black "Jovanovic, Bratislav"]
[Result "1-0"]
[WhiteElo "2272"]
[BlackElo "2026"]
[PlyCount "79"]
[EventDate "2014.03.29"]
[EventType "match (corr)"]
[EventRounds "2"]
[EventCountry "GER"]
[SourceTitle "Telechess CBM 167"]
[Source "ChessBase"]
[SourceDate "2015.07.13"]
[SourceVersion "1"]
[SourceVersionDate "2015.07.13"]
[SourceQuality "1"]

1. e4 e6 2. d4 d5 3. Nc3 Bb4 4. e5 c5 5. a3 Bxc3+ 6. bxc3 Ne7 7. Qg4 0-0 8. Bd3 Nbc6 9. Qh5 Ng6 10. Nf3 Qc7 11. Be3 c4 12. Bxg6 fxg6 13. Qg4 Qf7 14. Ng5 Qe8 15. h4 Ne7 16. a4 a5 17. 0-0 Nf5 18. Rfb1 Nh6 19. Qe2 Nf7 20. Bc1 Nxg5 21. hxg5 Rf7 22. Ba3 Qxa4 23. Bb4 Qe8 24. Bxa5 b5 25. Bb6 Ra4 26. Qd2 Bd7 27. Re1 Qa8 28. Rab1 Ra2 29. Bc5 Qd8 30. g3 Rf5 31. f4 h5 32. g4 Rf7 33. Qh2 hxg4 34. Rbc1 Qa5 35. Bb4 Qa4 36. Qd2 Qa8 37. Kg2 Be8 38. Rh1 Rc7 39. Qe1 Rc8 40. Qh4 1-0

[Event "ZH-2014-0-01199"]
[Site "LSS email"]
[Date "2014.03.22"]
[Round "?"]
[White "Kahl, Fred"]
[Black "Jovanovic, Bratislav"]
[Result "1-0"]
[WhiteElo "2272"]
[BlackElo "2026"]
[PlyCount "74"]
[EventDate "2014.03.19"]
[EventType "match (corr)"]
[EventRounds "2"]
[EventCountry "GER"]
[SourceTitle "Telechess CBM 167"]
[Source "ChessBase"]
[SourceDate "2015.07.13"]
[SourceVersion "1"]
[SourceVersionDate "2015.07.13"]
[SourceQuality "1"]

1. e4 e6 2. d4 d5 3. Nc3 Bb4 4. e5 c5 5. a3 Bxc3+ 6. bxc3 Qa5 7. Bd2 Qa4 8. Qg4 g6 9. Nf3 Nc6 10. Be2 Bd7 11. Ra2 c4 12. Qh4 h6 13. 0-0 Nce7 14. Bg5 Bc6 15. g4 Qa5 16. Rb1 Nc8 17. Bd2 Nb6 18. Ng5 Na4 19. f4 Qd8 20. Kh1 Qe7 21. f5 gxf5 22. gxf5 Nxc3 23. f6 Nxf6 24. exf6 Qxf6 25. Bxc3 hxg5 26. Qg3 0-0-0 27. Rf1 Qg7 28. Be1 f5 29. c3 Qf6 30. Bf3 f4 31. Qg4 Bd7 32. Re2 Rdg8 33. Re5 Qg6 34. h4 Kc7 35. Kh2 Rh7 36. Rg1 Qh6 37. Qh3 b6 1-0

[Event "WC-2018-P-00021"]
[Site "LSS email"]
[Date "2014.02.03"]
[Round "?"]
[White "Jovanovic, Bratislav"]
[Black "Klimakovs, Sergejs"]
[Result "0-1"]
[WhiteElo "2123"]
[BlackElo "2184"]
[PlyCount "126"]
[EventDate "2014.02.10"]
[EventType "tourn (corr)"]
[EventRounds "10"]
[EventCountry "GER"]
[SourceTitle "Corr 2015"]
[Source "ChessBase"]
[SourceDate "2015.07.17"]
[SourceVersion "1"]
[SourceVersionDate "2015.07.17"]
[SourceQuality "1"]

1. e4 c5 2. Nf3 d6 3. d4 cxd4 4. Nxd4 Nf6 5. Nc3 a6 6. Bg5 e6 7. Qd2 h6 8. Be3 Ng4 9. 0-0-0 Nxe3 10. Qxe3 Be7 11. Kb1 Nc6 12. f4 Qb6 13. Nf5 Qxe3 14. Nxe3 b5 15. g3 Rb8 16. Bg2 g5 17. Bf3 h5 18. h4 gxf4 19. gxf4 Bb7 20. Rh3 Na5 21. a3 Rc8 22. Be2 Bf8 23. Rg3 Bh6 24. Rf1 Ke7 25. Bxh5 Bxf4 26. Rxf4 Rxh5 27. Rg7 Rf8 28. b3 Nc6 29. Nf1 Ne5 30. Ng3 Rhh8 31. h5 Rc8 32. Nce2 Kf8 33. Rg5 Rh7 34. Rf1 Ke7 35. Nf4 a5 36. Kb2 a4 37. Rd1 Bc6 38. Rf1 axb3 39. cxb3 Kd7 40. Nfe2 Bb7 41. Nd4 b4 42. axb4 Ke7 43. Nf3 Ba6 44. Nxe5 Bxf1 45. Nxf1 dxe5 46. Rxe5 Rch8 47. Rb5 Rxh5 48. Rb7+ Kf6 49. b5 Rd8 50. Ne3 Ke5 51. Ng4+ Kd4 52. Nf6 Rh6 53. Rxf7 Rh2+ 54. Ka3 Kc5 55. Rc7+ Kxb5 56. Rb7+ Kc5 57. Ra7 Rh1 58. Kb2 Rhd1 59. Ra6 R1d2+ 60. Ka3 Rf2 61. e5 Re2 62. Ra7 Rd1 63. Rc7+ Kb5 0-1

[Event "WC-2018-P-00021"]
[Site "LSS email"]
[Date "2014.02.03"]
[Round "?"]
[White "Jovanovic, Bratislav"]
[Black "Nowak, Adam"]
[Result "1/2-1/2"]
[WhiteElo "2123"]
[BlackElo "1901"]
[PlyCount "43"]
[EventDate "2014.02.10"]
[EventType "tourn (corr)"]
[EventRounds "10"]
[EventCountry "GER"]
[SourceTitle "Corr 2015"]
[Source "ChessBase"]
[SourceDate "2015.07.17"]
[SourceVersion "1"]
[SourceVersionDate "2015.07.17"]
[SourceQuality "1"]

1. e4 e6 2. d4 a6 3. c4 d5 4. Nc3 dxe4 5. Nxe4 Bb4+ 6. Nc3 c5 7. a3 Ba5 8. Be3 Ne7 9. dxc5 Bxc3+ 10. bxc3 Qa5 11. Nf3 0-0 12. Qc2 Nd7 13. Bd3 h6 14. 0-0 Nxc5 15. Rfd1 Nxd3 16. Qxd3 e5 17. Qd6 Nc6 18. Rd5 Qxc3 19. Rc1 Qb2 20. Nxe5 Nxe5 21. Qxe5 Qxe5 22. Rxe5 1/2-1/2

[Event "WC-2018-P-00021"]
[Site "LSS email"]
[Date "2014.02.03"]
[Round "?"]
[White "Jovanovic, Bratislav"]
[Black "Pilgram, Kurt"]
[Result "1/2-1/2"]
[WhiteElo "2123"]
[BlackElo "1878"]
[PlyCount "97"]
[EventDate "2014.02.10"]
[EventType "tourn (corr)"]
[EventRounds "10"]
[EventCountry "GER"]
[SourceTitle "Corr 2015"]
[Source "ChessBase"]
[SourceDate "2015.07.17"]
[SourceVersion "1"]
[SourceVersionDate "2015.07.17"]
[SourceQuality "1"]

1. e4 e5 2. Nc3 Nf6 3. Nf3 Nc6 4. Bb5 Bb4 5. 0-0 0-0 6. d3 d6 7. Ne2 Bc5 8. c3 h6 9. Ng3 Bb6 10. h3 a6 11. Ba4 Bd7 12. Re1 Re8 13. d4 Qb8 14. Bc2 Qa7 15. Be3 a5 16. Qd2 exd4 17. cxd4 a4 18. Rac1 Ba5 19. Qe2 Bb6 20. Red1 h5 21. Qc4 Qa5 22. Bd2 Qa6 23. Qxa6 Rxa6 24. Bg5 Nh7 25. Be3 Nf6 26. Bd3 Raa8 27. d5 Nb4 28. Bxb6 cxb6 29. Rc7 a3 30. bxa3 Rxa3 31. Bb1 Nxa2 32. Bxa2 Rxa2 33. Rxb7 g6 34. Rxb6 h4 35. Nxh4 Nxe4 36. Nxe4 Rxe4 37. Nf3 Ree2 38. Rf1 Reb2 39. Rxb2 Rxb2 40. Ng5 Kg7 41. Re1 Bc8 42. Ne4 Rb6 43. Nc3 Rb3 44. Re3 f5 45. Re7+ Kf8 46. Rc7 Ba6 47. h4 Bd3 48. Kh2 Rb4 49. g3 1/2-1/2

[Event "WC-2018-P-00021"]
[Site "LSS email"]
[Date "2014.02.03"]
[Round "?"]
[White "Nowak, Adam"]
[Black "Jovanovic, Bratislav"]
[Result "1-0"]
[WhiteElo "1901"]
[BlackElo "2123"]
[PlyCount "59"]
[EventDate "2014.02.10"]
[EventType "tourn (corr)"]
[EventRounds "10"]
[EventCountry "GER"]
[SourceTitle "Corr 2015"]
[Source "ChessBase"]
[SourceDate "2015.07.17"]
[SourceVersion "1"]
[SourceVersionDate "2015.07.17"]
[SourceQuality "1"]

1. e3 Nf6 2. a3 d5 3. d4 Bf5 4. c4 e6 5. Nf3 Nc6 6. Nc3 Be7 7. Be2 0-0 8. 0-0 h6 9. b4 a6 10. Bb2 Bd6 11. Rc1 Re8 12. Nd2 Nb8 13. f4 c6 14. c5 Bc7 15. g4 Bg6 16. Rf2 Nbd7 17. Rg2 Nh7 18. Qe1 Nhf6 19. Qg3 a5 20. b5 e5 21. dxe5 Nxe5 22. g5 hxg5 23. fxe5 d4 24. Nd1 Rxe5 25. b6 Bb8 26. Qe1 dxe3 27. Nf3 Re8 28. Rxg5 Nd5 29. Rc4 Nf4 30. Kh1 1-0

[Event "RA-2013-0-00310"]
[Site "LSS email"]
[Date "2014.01.30"]
[Round "?"]
[White "Jovanovic, Bratislav"]
[Black "Galje, Hans"]
[Result "1/2-1/2"]
[WhiteElo "2026"]
[BlackElo "2058"]
[PlyCount "79"]
[EventDate "2013.12.29"]
[EventType "tourn (corr)"]
[EventRounds "6"]
[EventCountry "GER"]
[SourceTitle "Telechess CBM 167"]
[Source "ChessBase"]
[SourceDate "2015.07.13"]
[SourceVersion "1"]
[SourceVersionDate "2015.07.13"]
[SourceQuality "1"]

1. e4 c5 2. Nf3 e6 3. d4 cxd4 4. Nxd4 Nc6 5. Nc3 Qc7 6. Ndb5 Qb8 7. Be2 a6 8. Nd4 Qc7 9. 0-0 Nf6 10. Be3 Be7 11. f4 d6 12. Qe1 0-0 13. Qg3 Nxd4 14. Bxd4 b5 15. a3 Bb7 16. Rad1 Bc6 17. Kh1 Qb7 18. Bf3 Rad8 19. Rfe1 Kh8 20. Rd3 Rg8 21. Qf2 Rgf8 22. e5 dxe5 23. fxe5 Nd5 24. Ne4 Nf4 25. Rc3 Qd7 26. Bb6 Rc8 27. Nc5 Qe8 28. Nxa6 Bxf3 29. Rxf3 Nd5 30. Ba5 Qc6 31. Nb4 Bxb4 32. Bxb4 Nxb4 33. Rc3 Qd7 34. Rxc8 Rxc8 35. axb4 h6 36. Kg1 Kg8 37. c3 Rd8 38. Kf1 Qb7 39. Qe2 Rd5 40. g3 1/2-1/2

[Event "RA-2013-0-00310"]
[Site "LSS email"]
[Date "2014.01.30"]
[Round "?"]
[White "Jovanovic, Bratislav"]
[Black "Van Bommel, Ton"]
[Result "1-0"]
[WhiteElo "2026"]
[BlackElo "1912"]
[PlyCount "125"]
[EventDate "2013.12.29"]
[EventType "tourn (corr)"]
[EventRounds "6"]
[EventCountry "GER"]
[SourceTitle "Telechess CBM 167"]
[Source "ChessBase"]
[SourceDate "2015.07.13"]
[SourceVersion "1"]
[SourceVersionDate "2015.07.13"]
[SourceQuality "1"]

1. e4 c6 2. d4 g6 3. c4 d6 4. Nc3 Bg7 5. Nf3 Nd7 6. Be2 e5 7. d5 Qc7 8. 0-0 Ngf6 9. Be3 0-0 10. h3 b6 11. Nd2 Bb7 12. g4 h6 13. h4 Qd8 14. Kg2 Nh7 15. Rh1 Rc8 16. Nf1 cxd5 17. cxd5 f5 18. gxf5 gxf5 19. exf5 Nhf6 20. Rg1 Rxc3 21. bxc3 Nxd5 22. Bc4 N7f6 23. Kh2 Kh8 24. Bxd5 Bxd5 25. Bg5 Bf7 26. Bxf6 Qxf6 27. Qg4 Rg8 28. Ng3 Bf8 29. Qh3 d5 30. Ne2 Bg7 31. Rg2 Be8 32. Rag1 b5 33. Qg4 Qe7 34. Rg3 Bf7 35. Kh3 Qd6 36. Qf3 Qe7 37. Nc1 Kh7 38. Nb3 Qd6 39. Qd3 Qf6 40. f3 Kh8 41. Nd2 Qc6 42. R1g2 a6 43. Nb3 Qd6 44. Rg1 Qe7 45. Nd2 Qc7 46. Rg4 Qc5 47. Nf1 Qa3 48. Qe3 d4 49. Qe4 Qd6 50. cxd4 exd4 51. Ng3 d3 52. Qe3 Qd5 53. Ne4 Qxf5 54. Nd6 Qd5 55. Nxf7+ Qxf7 56. Qxd3 Qe6 57. Qg6 Qd5 58. f4 Qf3+ 59. Kh2 Qd5 60. R1g2 a5 61. Qb6 Qd7 62. Qe3 Qc7 63. Qg3 1-0

[Event "SA-2014-0-00391"]
[Site "LSS email"]
[Date "2014.01.30"]
[Round "?"]
[White "Milde, Lars"]
[Black "Jovanovic, Bratislav"]
[Result "1/2-1/2"]
[WhiteElo "2075"]
[BlackElo "2079"]
[PlyCount "22"]
[EventDate "2014.01.03"]
[EventType "tourn (corr)"]
[EventRounds "6"]
[EventCountry "GER"]
[SourceTitle "Corr 2015"]
[Source "ChessBase"]
[SourceDate "2015.07.17"]
[SourceVersion "1"]
[SourceVersionDate "2015.07.17"]
[SourceQuality "1"]

1. e4 e6 2. d4 d5 3. Nd2 Nf6 4. e5 Nfd7 5. c3 c5 6. Bd3 Nc6 7. Ne2 cxd4 8. cxd4 Qb6 9. Nf3 f6 10. exf6 Nxf6 11. 0-0 Bd6 1/2-1/2

[Event "SA-2014-0-00391"]
[Site "LSS email"]
[Date "2014.01.30"]
[Round "?"]
[White "Van Bommel, Ton"]
[Black "Jovanovic, Bratislav"]
[Result "1/2-1/2"]
[WhiteElo "1841"]
[BlackElo "2079"]
[PlyCount "48"]
[EventDate "2014.01.03"]
[EventType "tourn (corr)"]
[EventRounds "6"]
[EventCountry "GER"]
[SourceTitle "Corr 2015"]
[Source "ChessBase"]
[SourceDate "2015.07.17"]
[SourceVersion "1"]
[SourceVersionDate "2015.07.17"]
[SourceQuality "1"]

1. e4 e6 2. e5 d6 3. Nf3 Nc6 4. exd6 Bxd6 5. d4 Nf6 6. Na3 Bxa3 7. bxa3 e5 8. dxe5 Qxd1+ 9. Kxd1 Ng4 10. Ke1 0-0 11. Bf4 Re8 12. h3 Ngxe5 13. Nxe5 Nxe5 14. Kd2 Bf5 15. Re1 Rad8+ 16. Kc3 Ng6 17. Rxe8+ Rxe8 18. Be3 Be4 19. Rg1 Bc6 20. Kb3 Ne5 21. a4 a6 22. Bd4 Bd7 23. Ka3 Bf5 24. Kb2 g5 1/2-1/2

[Event "SA-2013-0-00381"]
[Site "LSS email"]
[Date "2013.12.03"]
[Round "?"]
[White "Grego, Luis Jose Gonzaga"]
[Black "Jovanovic, Bratislav"]
[Result "1/2-1/2"]
[WhiteElo "2076"]
[BlackElo "2079"]
[PlyCount "30"]
[EventDate "2013.11.13"]
[EventType "tourn (corr)"]
[EventRounds "6"]
[EventCountry "GER"]
[SourceTitle "Corr 2015"]
[Source "ChessBase"]
[SourceDate "2015.07.17"]
[SourceVersion "1"]
[SourceVersionDate "2015.07.17"]
[SourceQuality "1"]

1. d4 e6 2. c4 f5 3. g3 Nf6 4. Bg2 d5 5. Nh3 Be7 6. 0-0 0-0 7. Qc2 c6 8. Nd2 Na6 9. a3 Nc7 10. Nf3 Bd7 11. Ne5 Be8 12. Nf4 Nd7 13. Nxd7 Qxd7 14. Nd3 Bf6 15. Ne5 Qe7 1/2-1/2